|
|
|
|
| LEADER |
01340nam a2200337 i 4500 |
| 001 |
36177 |
| 003 |
BD-DhAAL |
| 005 |
20211205121409.0 |
| 008 |
191104t1976 nyua b 001 0 eng d |
| 999 |
|
|
|c 41751
|d 41751
|
| 010 |
|
|
|a 75041414
|
| 020 |
|
|
|a 0030084210
|
| 040 |
|
|
|a DLC
|c DLC
|d DLC
|d BD-DhAAL
|
| 050 |
0 |
0 |
|a BF713.5
|b .E5 1976
|
| 060 |
|
|
|a BF713 C761
|
| 082 |
0 |
0 |
|a 155
|
| 245 |
1 |
0 |
|a Contemporary issues in developmental psychology /
|c edited and with commentary by Norman S. Endler, Lawrence R. Boulter, Harry Osser ; foreword by J. McV. Hunt.
|
| 250 |
|
|
|a Second edition
|
| 260 |
|
|
|a New York :
|b Holt, Rinehart and Winston,
|c c1976.
|
| 300 |
|
|
|a xiii, 689 pages :
|b illustrations ;
|c 25 cm.
|
| 504 |
|
|
|a Includes bibliographical references and index.
|
| 526 |
|
|
|a BIED
|
| 541 |
|
|
|a Complimentary copy from BIED
|e 36177
|
| 650 |
|
0 |
|a Developmental psychology.
|9 36750
|
| 650 |
|
2 |
|a Psychology.
|9 36751
|
| 700 |
1 |
|
|a Endler, Norman S.
|9 36752
|
| 700 |
1 |
|
|a Boulter, Lawrence R.
|9 36775
|
| 700 |
1 |
|
|a Osser, Harry.
|9 36753
|
| 852 |
|
|
|a Ayesha Abed Library
|c BIED Collection
|
| 942 |
|
|
|2 ddc
|c BK
|
| 952 |
|
|
|0 0
|1 0
|2 ddc
|4 0
|6 155_000000000000000_CON
|7 0
|9 67004
|a BRACUL
|b BRACUL
|c GEN
|d 2019-11-04
|e Complimentary copy from BIED
|l 1
|m 2
|o 155 CON
|p 3010036177
|r 2023-01-22
|s 2023-01-03
|t 1
|w 2019-11-04
|y BK
|x Transferred from BIED to General Stacks
|